| 000 | 00457nam a2200169 a 4500 | ||
|---|---|---|---|
| 005 | 20140310183153.0 | ||
| 008 | 021015s19uu xx 00 eng d | ||
| 020 | _a0553574132 | ||
| 050 |
_aPZ 7 _b.P462Se 1996 |
||
| 100 | _aPerry, Steve | ||
| 245 |
_aStar wars : _bShadows of the empire / _cSteve Perry. |
||
| 260 |
_aNew York ; _bBantam books, _c1996. |
||
| 300 |
_a400 p. : _c17 cm. |
||
| 650 |
_aScience _xFiction |
||
| 942 |
_cBK _2lcc |
||
| 999 |
_c19686 _d19686 |
||